Management επιχειρήσεων και οργανισμών

Αποθηκεύτηκε σε:
Λεπτομέρειες βιβλιογραφικής εγγραφής
Κύριος συγγραφέας: Μαντζάρης, Γιάννης
Μορφή: Βιβλίο
Γλώσσα:Greek
Δημοσίευση: Σέρρες : Γκιούρδας, 2008
Θέματα:
Ετικέτες: Προσθήκη ετικέτας
Δεν υπάρχουν, Καταχωρήστε ετικέτα πρώτοι!

MARC

LEADER 00000cam a2200000 i 4500
001 1/16476
008 111115s2008 gre d
020 |a 978-960-387-650-2 (τ.Α) 
020 |a 978-960-92475-2-8 (τ.Β) 
035 |l 10111365 
040 |a GR-MY-UA  |b gre  |e aacr 
041 0 |a gre 
082 0 |a 658  |2 (22) 
100 1 |a Μαντζάρης, Γιάννης. 
245 1 0 |a Management επιχειρήσεων και οργανισμών /  |c Δρ. Μαντζάρης Γιάννης 
260 |a Σέρρες :   |b Γκιούρδας,   |c 2008 
300 |a 2 τ.;  |b πιν.;  |c 24 εκ. 
650 0 0 |a Management. 
852 |a INST  |b RHODES  |e 20111115  |h 658 ΜΑΝ  |p 005400033808  |q 005400033808  |t BK  |y 0  |z τ.Α 
852 |a INST  |b RHODES  |e 20111115  |h 658 ΜΑΝ  |p 005400033809  |q 005400033809  |t BK  |y 0  |z τ.Β 
852 |a INST  |b RHODES  |e 20111115  |h 658 ΜΑΝ  |p 005400033808  |q 005400033808  |t BK  |v τ.Α:  |y 0  |z τ.Α 
852 |a INST  |b RHODES  |e 20111115  |h 658 ΜΑΝ  |p 005400033809  |q 005400033809  |t BK  |v τ.Β:  |y 0  |z τ.Β 
853 |a INST  |b RHODES  |h 658 ΜΑΝ 
901 |a BIBL4-2011-3 
970 |z 2011/11/14